Countries of Regions #1 - Statistics

General Stats
  • This quiz has been taken 30 times
    18 since last reset
  • The average score is 23 of 28
Answer Stats
Region Countries % Correct
Congo Basin Democratic Republic of the Congo
94%
Scandinavia Denmark
94%
Baltic Estonia
94%
Balkan (80%+) Greece
94%
Baltic Latvia
94%
Baltic Lithuania
94%
Scandinavia Norway
94%
Scandinavia Sweden
94%
Balkan (80%+) Albania
88%
Balkan (80%+) Bosnia and Herzegovina
88%
Hispaniola Dominican Republic
88%
Hispaniola Haiti
88%
Balkan (80%+) North Macedonia
88%
Congo Basin Republic of the Congo
88%
Borneo Brunei
82%
Balkan (80%+) Bulgaria
82%
Borneo Indonesia
82%
Balkan (80%+) Kosovo
82%
Borneo Malaysia
82%
Balkan (80%+) Montenegro
82%
Congo Basin Burundi
71%
Congo Basin Central African Republic
71%
Congo Basin Angola
65%
Congo Basin Tanzania
65%
Solomon Islands(not the Country!) Papua New Guinea
59%
Congo Basin Zambia
59%
Congo Basin Cameroon
53%
Solomon Islands (not the Country!) Solomon Islands
53%
No matching quizzes found
Score Distribution
Percent of People with Each Score
Percentile by Number Answered
Your Score History
You have not taken this quiz since the last reset